The handy daoism GK book (Record no. 2066)

MARC details
000 -LEADER
fixed length control field 00754 a2200241 4500
003 - CONTROL NUMBER IDENTIFIER
control field dpl
005 - DATE AND TIME OF LATEST TRANSACTION
control field 20090604123057.0
008 - FIXED-LENGTH DATA ELEMENTS--GENERAL INFORMATION
fixed length control field 090604t xxu||||| |||| 00| 0 eng d
010 ## - LIBRARY OF CONGRESS CONTROL NUMBER
LC control number ENG-85342
020 ## - INTERNATIONAL STANDARD BOOK NUMBER
International Standard Book Number 817992453X
Terms of availability 75.00
035 ## - SYSTEM CONTROL NUMBER
System control number EN-68875
037 ## - SOURCE OF ACQUISITION
Source of stock number/acquisition D.B.Act / Pub
040 ## - CATALOGING SOURCE
Transcribing agency dpl
082 ## - DEWEY DECIMAL CLASSIFICATION NUMBER
Classification number 299
100 ## - MAIN ENTRY--PERSONAL NAME
Personal name Renard, John
245 ## - TITLE STATEMENT
Title The handy daoism GK book
Statement of responsibility, etc by John Renard
260 ## - PUBLICATION, DISTRIBUTION, ETC. (IMPRINT)
Place of publication, distribution, etc Delhi
Name of publisher, distributor, etc Jaico Publishing House
Date of publication, distribution, etc 2005
270 ## - ADDRESS
Address 121, Mahatama Gandhi Road,
City Mumbai
Postal code 4000 023
Electronic mail address jaicopub@vsnl.com
300 ## - PHYSICAL DESCRIPTION
Extent 66 p.
Dimensions 24 cm. (Pbk)
500 ## - GENERAL NOTE
General note Includes bibliographical reference
942 ## - ADDED ENTRY ELEMENTS (KOHA)
Institution code [OBSOLETE] dpl
Koha item type English Books
Call number prefix 299 / REN
Source of classification or shelving scheme Dewey Decimal Classification
Holdings
Withdrawn status Lost status Source of classification or shelving scheme Damaged status Not for loan Collection code Home library Current library Source of acquisition Cost, normal purchase price Total Checkouts Full call number Barcode Date last seen Copy number Uniform Resource Identifier Cost, replacement price Price effective from Koha item type
    Dewey Decimal Classification   Not For Loan Non-fiction D.B.Act.Division D.B.Act.Division DBAD/PUB 75.00   299 EN-68875 15/09/2008 1 2184 75.00 15/09/2008 English Books

© Delhi Public Library
Hit Counter
free hit counter